|
|
|
|
| LEADER |
00000cam a22000004a 4500 |
| 001 |
musev2_39722 |
| 003 |
MdBmJHUP |
| 005 |
20230905044152.0 |
| 006 |
m o d |
| 007 |
cr||||||||nn|n |
| 008 |
150401s2015 nju o 00 0 eng d |
| 020 |
|
|
|a 9781400873197
|
| 020 |
|
|
|z 069115855X
|
| 020 |
|
|
|z 1400873193
|
| 020 |
|
|
|z 9780691158556
|
| 035 |
|
|
|a (OCoLC)907436865
|
| 040 |
|
|
|a MdBmJHUP
|c MdBmJHUP
|
| 100 |
1 |
|
|a Lake, Sophie,
|e author.
|
| 245 |
1 |
0 |
|a Britain's Habitats :
|b A Guide to the Wildlife Habitats of Britain and Ireland /
|c Sophie Lake, Durwyn Liley, Robert Still & Andy Swash.
|
| 264 |
|
1 |
|a Woodstock, Oxfordshire :
|b Princeton University Press,
|c [2015]
|
| 264 |
|
3 |
|a Baltimore, Md. :
|b Project MUSE,
|c 2015
|
| 264 |
|
4 |
|c ©[2015]
|
| 300 |
|
|
|a 1 online resource (272 pages):
|b illustrations (chiefly color), color maps
|
| 336 |
|
|
|a text
|b txt
|2 rdacontent
|
| 337 |
|
|
|a computer
|b c
|2 rdamedia
|
| 338 |
|
|
|a online resource
|b cr
|2 rdacarrier
|
| 490 |
0 |
|
|a WILDGuides
|
| 505 |
0 |
|
|a Preface -- Introduction -- The habitats. Woodlands ; Scrub ; Heathlands ; Grasslands ; Mountains ; Rocky habitats ; Wetlands ; Freshwaters ; Coastal habitats ; Other habitats -- Habitat correspondence tables -- Species referred to in the text.
|
| 520 |
|
|
|a A photographic guide to habitats, this book provides an overview of the natural history and conservation landscape of Britain and Ireland.
|
| 588 |
|
|
|a Description based on print version record.
|
| 650 |
|
7 |
|a Natural history.
|2 fast
|0 (OCoLC)fst01034268
|
| 650 |
|
7 |
|a Habitat (Ecology)
|2 fast
|0 (OCoLC)fst00950038
|
| 650 |
|
7 |
|a Ecologie.
|2 eclas
|
| 650 |
|
7 |
|a Habitat.
|2 eclas
|
| 650 |
|
7 |
|a TRAVEL
|z Europe
|z Great Britain.
|2 bisacsh
|
| 650 |
|
7 |
|a TRAVEL
|x Special Interest
|x Ecotourism.
|2 bisacsh
|
| 650 |
|
7 |
|a NATURE
|x Reference.
|2 bisacsh
|
| 650 |
|
7 |
|a NATURE
|x Essays.
|2 bisacsh
|
| 650 |
|
6 |
|a Sciences naturelles
|z Irlande
|v Guides.
|
| 650 |
|
6 |
|a Sciences naturelles
|z Grande-Bretagne
|v Guides.
|
| 650 |
|
0 |
|a Natural history
|z Ireland
|v Guidebooks.
|
| 650 |
|
0 |
|a Natural history
|z Great Britain
|v Guidebooks.
|
| 650 |
|
0 |
|a Habitat (Ecology)
|z Ireland
|v Guidebooks.
|
| 650 |
|
0 |
|a Habitat (Ecology)
|z Great Britain
|v Guidebooks.
|
| 651 |
|
7 |
|a Ireland.
|2 fast
|0 (OCoLC)fst01205427
|
| 651 |
|
7 |
|a Great Britain.
|2 fast
|0 (OCoLC)fst01204623
|
| 651 |
|
7 |
|a Royaume-Uni.
|2 eclas
|
| 651 |
|
7 |
|a Irlande.
|2 eclas
|
| 651 |
|
6 |
|a Irlande
|v Guides.
|
| 651 |
|
0 |
|a Ireland
|v Guidebooks.
|
| 651 |
|
0 |
|a Great Britain
|v Guidebooks.
|
| 655 |
|
7 |
|a Guidebooks.
|2 fast
|0 (OCoLC)fst01423871
|
| 655 |
|
7 |
|a Electronic books.
|2 local
|
| 710 |
2 |
|
|a Project Muse.
|e distributor
|
| 830 |
|
0 |
|a Book collections on Project MUSE.
|
| 856 |
4 |
0 |
|z Texto completo
|u https://projectmuse.uam.elogim.com/book/39722/
|
| 945 |
|
|
|a Project MUSE - Custom Collection
|